LEADER 01000nam a2200253 i 4500 001 000000159575 003 CaOOAMICUS 005 20070228000000.0 008 070228s1983 it u000 u ita u 013 $a136938 040 $aSeMil$bita 100 1 $aBuzzi, Giancarlo,$d<1929-2015>.$0(OLS)http://semarc/name/17465 245 10$aGiuseppina Bonaparte :$bla creola dell'imperatore /$cGiancarlo Buzzi. 260 $aMilano :$bRusconi,$c1983. 300 $a437 p., [12] p. di tav. ;$c22 cm. 490 0 $aLe vite 500 $aContiene : Avvertenza e nota bibliografica. - Fondo Card. Giovanni Colombo. 830 3$aLe vite.$0(OLS)http://semarc/title/7309 850 $aSeMil 852 $aSeMil$W1$xVenegono$y1$m1O II 103$j111132$B111132$CSeMilBibl$Z2$F120741 $81 941 1 $a3 961 $aLascito: Colombo Card. Giovanni 996 $6245$aGiuseppina Bonaparte :$bla creola dell'imperatore$9(OLS)http://semarc/title/141702 996 $6260$aMilano :$bRusconi$9(OLS)http://semarc/publisher/30258 LEADER 00623nam a2200169 i 4500 001 000000242020 003 CaOOAMICUS 005 20150526000000.0 008 150526s1834 it u000 u fre u 013 $a220925 040 $aSeMil$bita 245 10$aPanégyriques. 300 $a404 p. 773 0 $aMassillon, Jean-Baptist $tOeuvres complètes de Massillon, évêque de Clermont.$dA Paris : Chez Gauthier frères et C., 1834.$g9$w()31928 850 $aSeMil 852 $aSeMil$W1$xVenegono$y1$m3F II 14 FA$j192366$B192366$CSeMilBibl$Z2$F203193 $8I 996 $6245$aPanégyriques$9(OLS)http://semarc/title/43936